Name Every Old World Sparrow - Statistics

General Stats
  • This quiz has been taken 5 times
  • The average score is 10 of 43
Answer Stats
Genus Species % Correct
House Sparrow
100%
Spanish Sparrow
100%
Desert Sparrow
75%
Eurasian Tree Sparrow
75%
Italian Sparrow
75%
Hypocryptadius Cinnamon Ibon
50%
Dead Sea Sparrow
50%
Socotra Sparrow
50%
Yellow-throated Sparrow
50%
Abd al Kuri Sparrow
25%
Cape Sparrow
25%
Cape Verde Sparrow
25%
Chestnut Sparrow
25%
Great Rufous Sparrow
25%
Northern Gray-headed Sparrow
25%
Parrot-billed Sparrow
25%
Plain-backed Sparrow
25%
Petronia Rock Sparrow
25%
Russet Sparrow
25%
Southern Gray-headed Sparrow
25%
Sudan Golden Sparrow
25%
Swainson's Sparrow
25%
Onychostruthus White-rumped Snowfinch
25%
Montifringilla White-winged Snowfinch
25%
Yellow-throated Bush Sparrow
25%
Afghan Snowfinch
0%
Arabian Golden Sparrow
0%
Black-winged Snowfinch
0%
Blanford's Snowfinch
0%
Kenya Rufous Sparrow
0%
Kordofan Rufous Sparrow
0%
Carpospiza Pale Rockfinch
0%
Pyrgilauda Pere David's Snowfinch
0%
Rufous-necked Snowfinch
0%
Sahel Bush Sparrow
0%
Passer Saxaul Sparrow
0%
Shelley's Rufous Sparrow
0%
Sind Sparrow
0%
Somali Sparrow
0%
Swahili Sparrow
0%
Tibetan Snowfinch
0%
Gymnoris Yellow-spotted Bush Sparrow
0%
Zarudny's Sparrow
0%
No matching quizzes found
Score Distribution
Percent of People with Each Score
Percentile by Number Answered
Your Score History
You have not taken this quiz